Statystyki dla Wymień wszystkich Niemieckich walczących kiedykolwiek w KSW.

Kliknij tutaj aby rozwiązać quiz!

Ogólne statystyki

  • Ten quiz został rozwiązany 10 razy
  • Średni wynik to 6 z 15

Statystyki odpowiedzi

Odpowiedź% Poprawnych
14David Zawada
88%
15Martin Zawada
88%
6Christian Eckerlin
50%
11Hatef Moeil
50%
4Marc Doussis
50%
1Abu Azaitar
38%
12Joliton Santos-Lutterbach
38%
7Lom-Ali Eskijew
38%
3Max Coga
38%
9Pascal Hintzen
38%
5Konrad Dyrschka
25%
8Sheilla Gaff
25%
10Abusupijan Magomiedow
13%
13Peter Sobotta
13%
2Szamil Banukajew
13%

Rozkład punktacji

Percentyl według liczby udzielonych odpowiedzi

Procent ludzi z każdym wynikiem

Twoja historia wyników

Nie rozwiązałeś tego quizu